Word Ladder: The Konami Code Quiz Stats

 Plays Quiz Updated Jun 26, 2014

Support Sporcle.
Go Orange.
Score 0/44 Timer 04:00
0 Plays Today
Clue 4-Letter Word % Correct
Citrus fruit often served with tequilaLIME
96%
Interval experienced between birth and deathLIFE
94.7%
Trusted, readily available assistant
► RIGHT ____ MAN ►
► HAND ►
92.1%
Lower section of a city's business district:
▼ DOWN____
▼ TOWN ▼
91.6%
Positively elevate the mood:
▲ UP____
▲ LIFT ▲
91.3%
Large, usually red building for housing livestockBARN
91.2%
Awkwardness on the dance floor:
◄ TWO LEFT ____
◄ FEET ◄
90.8%
Brought into existenceBORN
90.6%
Group of musicians or merry menBAND
89.5%
Fine shower of precipitationMIST
89.3%
Good location for catching the scent of prey:
▼ DOWN____
▼ WIND ▼
89.1%
Victories achieved in competitionWINS
89.1%
Building where currency is manufacturedMINT
89.1%
Itemized series of wordsLIST
88.9%
Physical state following a ripTORN
88.5%
Supply with nourishmentFEED
87.8%
Faculty of reason and thoughtMIND
87.7%
Assume a curved positionBEND
86.9%
Withheld important information from:
◄ LEFT IN THE ____
◄ DARK ◄
85.9%
Leap upward to a higher level:
▲ ____ UP ▲
▲ JUMP ▲
85.8%
Mend holes in a woolen sockDARN
85.2%
Fabric comprising a Muppet's skinFELT
85%
Clue 4-Letter Word % Correct
Pulls behind via rope or chainTOWS
83.7%
Lacking rigidity and substanceLIMP
82.9%
Irregularly shaped massLUMP
82.9%
Result of an unsuccessful attemptFAIL
82.7%
Metallic containers used for storageTINS
82.5%
Sudden drop from a higher positionFALL
82.5%
Manage without outside assistanceFEND
82.4%
MLB Hall of Famer AaronHANK
82.2%
Very large quantity, informallyTONS
82.1%
Cut down a tree or foeFELL
80.7%
In perfectly functioning order:
► RIGHT AS ____
► RAIN ►
79.7%
Uncomfortably damp and humidDANK
79.7%
Back-up strategy in case of failure:
Ⓑ ____ B Ⓑ
Ⓑ PLAN Ⓑ
77.6%
Adam and Eve's fratricidal sonCAIN
76.3%
Theatrical story acted out upon a stagePLAY
76.1%
1980's TV show featuring Mr. T:
Ⓐ THE A-____
Ⓐ TEAM Ⓐ
74.8%
Express bitter, sharp criticism against RAIL
70.5%
Traditional familial groupCLAN
69.8%
Hit or shut with great forceSLAM
69.2%
Dispatch with great violenceSLAY
66.1%
Surname of actors James and ScottCAAN
64.9%
Line formed by the joining of two objectsSEAM
63%

Today's Daily Dose

You're not logged in!

Compare scores with friends on all Sporcle quizzes.
OR
Log In

From the Vault

Begins & Ends with the Same 2 Letters

by mrsmith

Two can play at this game. Well, actually, no. Only one person should play at a time.
Remove Ads.
Support Sporcle.
Get the best of Sporcle when you Go Orange. This ad-free experience offers more features, more stats, and more fun while also helping to support Sporcle. Thank you for becoming a member.

Show Comments

Extras

Top Quizzes Today


Score Distribution

Your Account Isn't Verified!

In order to create a playlist on Sporcle, you need to verify the email address you used during registration. Go to your Sporcle Settings to finish the process.

Report this User

Report this user for behavior that violates our Community Guidelines.

Details: